Selected readings in the continuing professional development of engineers /

Bibliographic Details
Corporate Author: American Society for Engineering Education
Other Authors: Elliott, Charles S., Biedenbach, Joseph M.
Format: Book
Language:English
Published: Washington, D.C. : Continuing Professional Development Division, American Society for Engineering Education, [1981]
Subjects:

MARC

Tag First Indicator Second Indicator Subfields
LEADER 00000cam a2200000 a 4500
001 in00000371221
005 20151011085617.0
008 811130s1981 dcua b 00000 eng d
035 |a (OCoLC)07962218 
035 |9 ABQ5153AM 
040 |a COH  |c COH  |d TXA  |d UtOrBLW 
049 |a TXAM  |c [1809350] 
090 |a T65  |b  S46 1981 
245 0 0 |a Selected readings in the continuing professional development of engineers /  |c edited by Charles S. Elliott, Joseph M. Biedenbach. 
264 1 |a Washington, D.C. :  |b Continuing Professional Development Division, American Society for Engineering Education,  |c [1981] 
264 4 |c ©1981 
300 |a xi, 567 pages :  |b illustrations ;  |c 28 cm. 
336 |a text  |b txt  |2 rdacontent 
337 |a unmediated  |b n  |2 rdamedia 
338 |a volume  |b nc  |2 rdacarrier 
500 |a 1809350 
504 |a Includes bibliographical references. 
650 0 |a Engineering  |x Study and teaching (Continuing education) 
700 1 |a Elliott, Charles S. 
700 1 |a Biedenbach, Joseph M. 
710 2 |a American Society for Engineering Education. 
999 |a MARS 
999 f f |s 81d1bbde-5436-375e-8924-27895ac5bb63  |i e6cebd0e-dc06-3c0b-99f8-05b32227f961  |t 0 
952 f f |p ric  |a Texas A&M University  |b Rellis Campus  |c Joint Library Facility  |d Remote Storage  |t 0  |e T65 S46 1981  |h Library of Congress classification  |i unmediated -- volume  |m A14807505579 
998 f f |a T65 S46 1981  |t 0  |l Remote Storage